Nom du joueurs Marseillais #2 - Statistiques

Statistiques générales
  • Ce quiz a été pris 38 fois
  • Le résultat moyen est 13 sur 20
Statistiques - réponses
Par images Réponse % Correct
Fabien Barthez
100%
Didier Drogba
91%
Romain Alessandrini
91%
Bouna Sarr
85%
Dario Benedetto
85%
Gonzalez Alvaro
85%
Lassana Diarra
85%
Ruben Blanco
85%
Vitinha
85%
Santos Gerson
76%
Yuto Nagatomo
71%
Mamadou Niang
62%
Eric DI Meco
59%
Henry Bedimo
56%
Luan Peres
53%
Brice Dja Djédjé
38%
Chris Waddle
35%
Simon Ngapandouetnbu
32%
Josip Skoblar
29%
Frédéric Dehu
21%
Aucun quiz correspondant
Distribution des résultats
% des personnes avec chaque résultat
Percentile par nombre de réponses
Votre historique - résultats
Vous n’avez pas pris ce quiz